Normal view
MARC view
- Sewerage
Entry Topical Term
001 - CONTROL NUMBER
- control field: 6027
003 - CONTROL NUMBER IDENTIFIER
- control field: NUST
005 - DATE AND TIME OF LATEST TRANSACTION
- control field: 20171107100704.0
008 - FIXED-LENGTH DATA ELEMENTS
- fixed length control field: 171107|| aca||aabn | a|a d
040 ## - CATALOGING SOURCE
- Original cataloging agency: NUST
- Transcribing agency: NUST
150 ## - HEADING--TOPICAL TERM
- Topical term or geographic name entry element: Sewerage
- General subdivision: Economic aspects
- Geographic subdivision: Tropics.
670 ## - SOURCE DATA FOUND
- Source citation: Work cat.: (NUST)0: Mara, D. Duncan (David Duncan), 1944- 6025, Low-cost urban sanitation /, c1996.
